Animaux par ordre alphabétique (extrême) - Statistiques

Statistiques générales
  • Ce quiz a été pris 93 fois
  • Le résultat moyen est 11 sur 26
Statistiques - réponses
Par images Réponse % Correct
Axolotl
90%
Zebu
69%
Nasique
64%
Echidné
63%
Impala
61%
Dugong
59%
Wapiti
59%
Vampire
49%
Rat taupe nu
47%
Gypaète
46%
Fossa
44%
Hanneton
44%
Quokka
42%
Coati
41%
Mamba
41%
Limule
39%
Tamia
37%
Urubu
37%
Orycterope
32%
Potamochère
31%
Saimiri
25%
Binturong
24%
Kinkajou
22%
Jaguarundi
8%
Xenope
7%
Yapock
3%
Aucun quiz correspondant
Distribution des résultats
% des personnes avec chaque résultat
Percentile par nombre de réponses
Votre historique - résultats
Vous n’avez pas pris ce quiz